Figuras singulares de nuestro tiempo. (Record no. 63847)
[ view plain ]
| 000 -LEADER | |
|---|---|
| campo de control de longitud fija | 01200nam a2200337 i 4500 |
| 001 - NÚMERO DE CONTROL | |
| campo de control | 63847 |
| 003 - IDENTIFICADOR DE NÚMERO DE CONTROL | |
| campo de control | ES-MaACL |
| 005 - FECHA Y HORA DE LA ÚLTIMA TRANSACCIÓN | |
| campo de control | 20250818131135.0 |
| 007 - CAMPO FIJO DE DESCRIPCIÓN FÍSICA--INFORMACIÓN GENERAL | |
| campo de control de longitud fija | t| |
| 008 - DATOS DE LONGITUD FIJA--INFORMACIÓN GENERAL | |
| campo de control de longitud fija | 031217s1971 sp f 001 0cspa d |
| 080 ## - NÚMERO DE LA CLASIFICACIÓN DECIMAL UNIVERSAL | |
| Número de la Clasificación Decimal Universal | 929 Guevara, Ernesto |
| 080 ## - NÚMERO DE LA CLASIFICACIÓN DECIMAL UNIVERSAL | |
| Número de la Clasificación Decimal Universal | 929 Mussolini, Benito |
| 080 ## - NÚMERO DE LA CLASIFICACIÓN DECIMAL UNIVERSAL | |
| Número de la Clasificación Decimal Universal | 945"1922/45" |
| 080 ## - NÚMERO DE LA CLASIFICACIÓN DECIMAL UNIVERSAL | |
| Número de la Clasificación Decimal Universal | 929 Tshombe, Moisés |
| 080 ## - NÚMERO DE LA CLASIFICACIÓN DECIMAL UNIVERSAL | |
| Número de la Clasificación Decimal Universal | 967.5 |
| 245 00 - MENCIÓN DEL TÍTULO | |
| Título | Figuras singulares de nuestro tiempo. |
| 260 ## - PUBLICACIÓN, DISTRIBUCIÓN, ETC. | |
| Lugar de publicación, distribución, etc. | [Madrid : |
| Nombre del editor, distribuidor, etc. | Círculo de Amigos de la Historia, |
| Fecha de publicación, distribución, etc. | 1971] |
| 300 ## - DESCRIPCIÓN FÍSICA | |
| Extensión | 3 v., lám. ; |
| Dimensiones | 18 cm. |
| 505 0# - NOTA DE CONTENIDO CON FORMATO | |
| Nota de contenido con formato | 1. Che Guevara: ¿aventura o revolución? / Horacio Daniel Rodríguez - 2. Mussolini / Christopher Hibbert - 3. Tshombe / Pierre de Vos |
| 600 14 - PUNTO DE ACCESO ADICIONAL DE MATERIA--NOMBRE DE PERSONA | |
| Nombre de persona | Guevara, Ernesto. |
| 9 (RLIN) | 60607 |
| 600 14 - PUNTO DE ACCESO ADICIONAL DE MATERIA--NOMBRE DE PERSONA | |
| Nombre de persona | Mussolini, Benito, |
| Fechas asociadas al nombre | 1883-1945- |
| Subdivisión general | Biografías |
| 9 (RLIN) | 84706 |
| 600 14 - PUNTO DE ACCESO ADICIONAL DE MATERIA--NOMBRE DE PERSONA | |
| Nombre de persona | Tshombe, Moïse. |
| 9 (RLIN) | 111606 |
| 651 #4 - PUNTO DE ACCESO ADICIONAL DE MATERIA--NOMBRE GEOGRÁFICO | |
| Nombre geográfico | Italia- |
| Subdivisión general | Historia- |
| Subdivisión geográfica | 1922-1945. |
| 9 (RLIN) | 8871 |
| 651 ## - PUNTO DE ACCESO ADICIONAL DE MATERIA--NOMBRE GEOGRÁFICO | |
| Nombre geográfico | Congo (República Democrática)- |
| Subdivisión general | Historia- |
| Subdivisión cronológica | 1960-1965, Guerra civil. |
| 9 (RLIN) | 8079 |
| 700 1# - ENTRADA AGREGADA--NOMBRE PERSONAL | |
| Nombre de persona | Rodríguez, Horacio Daniel. |
| 9 (RLIN) | 98249 |
| 700 1# - ENTRADA AGREGADA--NOMBRE PERSONAL | |
| Nombre de persona | Hibbert, Christopher. |
| 9 (RLIN) | 63542 |
| 700 1# - ENTRADA AGREGADA--NOMBRE PERSONAL | |
| Nombre de persona | Vos, Pierre de. |
| 9 (RLIN) | 115744 |
| 700 2# - ENTRADA AGREGADA--NOMBRE PERSONAL | |
| Nombre de persona | |
| 9 (RLIN) | 241848 |
| 852 ## - LOCALIZACIÓN | |
| Ubicación | ES-MaACL |
| Número de control de estantería | P-1897 |
| Estatus retirado | Estado de pérdida | Estado de daño | No para préstamo | Biblioteca de origen | Biblioteca actual | Ubicación en estantería | Fecha de adquisición | Fuente de adquisición | Total de préstamos | Signatura topográfica completa | Código de barras | Visto por última vez | Precio de reemplazo | Tipo de ítem Koha |
|---|---|---|---|---|---|---|---|---|---|---|---|---|---|---|
| Biblioteca del Ateneo de Madrid | Biblioteca del Ateneo de Madrid | Depósito 2 | 17/01/2008 | P-1897 | 1066911 | 23/02/2023 | 23/02/2023 | Libro impreso |
